| 000 | 01095nam a22002897a 4500 | ||
|---|---|---|---|
| 001 | 9886 | ||
| 003 | FISKH | ||
| 005 | 20260312094936.0 | ||
| 008 | 260311b cb ||||| |||| 00| 0 eng d | ||
| 020 | _a9780721415444 | ||
| 040 |
_aFISKH _beng _cFISKH _dFISKH |
||
| 050 | _aPZ7 | ||
| 082 | _a823.914 | ||
| 100 |
_aDaly, Audrey _eAuthor |
||
| 245 |
_aTom thumb / _cBy Audrey Daly ; illustrated by Peter Steven |
||
| 260 |
_aLoughborough : _bLadybird Books Ltd , _c1993 |
||
| 300 |
_a26 unnumbered pages : _bcolor illustrations ; _c18 cm |
||
| 490 | _aLadybird favourite tales | ||
| 505 | _aG | ||
| 520 | _aTom Thumb is a very little boy, who although he is just about the size of his father's thumb is very adventurous and his curiosity gets him into some difficult situations. With courage, wit and the help of some animal friends, Tom shows that though he may be a very small boy, he is a great hero. | ||
| 521 | 8 |
_a340
_bLexile |
|
| 521 | 8 |
_aG
_bRaz-Plus |
|
| 650 |
_aFairy tales _vFiction |
||
| 700 |
_aSteven, Peter _eIllustrator |
||
| 942 |
_2ddc _cBK _n0 |
||
| 999 |
_c9886 _d9886 |
||